000 00525nam a22002177a 4500
003 UA-OsUOA
001 36289
007 ta
008 20060120b un ||||| |||| 00| 0 ukr d
100 _aТубіна С.
090 _a32
942 _cSA
040 _aUA-OsUOA
_bukr
_cUA-OsUOA
_dUA-OsUOA
245 _aОбласна рада районного депутата не "здала"
300 _aС.3
955 _a0
041 _aukr
080 _a32
773 0 _w36288
650 7 _a32 Політика
_2UDC
999 _c322527
_d322527